000 00743cam a22002411 4500
001 ne 62001344
003 DLC
005 20260227111737.0
008 881026s1880 fr h 000 0 ara
010 _ane 62001344
035 _a(OCoLC)23482339
040 _aDLC
_cMiU
_dDLC
042 _apremarc
050 0 0 _aPJ4557
_b.I27 1880
100 2 _aIbn Janāḥ, Abū al-Walīd Marwān,
_dapproximately 990-approximately 1050.
245 1 0 _aKutub wa-rasāʼil.
260 _aParis,
_bImpr. nationale,
_c1880.
300 _acxxiv, 400 p.
_bfacsim.
_c25 cm.
500 _aRomanized.
650 0 _aHebrew language
_xGrammar.
700 1 _aDerenbourg, Joseph,
_d1811-1895,
_eed. and tr.
700 1 _aDerenbourg, Hartwig,
_d1844-1908.
_eed. and tr.
999 _c45248
_d45248